[Event "Fortaleza Saboya Cup"]
[Site "Fortaleza"]
[Date "2022.03.20"]
[Round "6"]
[White "Farias, Luiz Jadir Pinto"]
[Black "Sousa, Virginio Aleixo da"]
[Result "1/2-1/2"]
[WhiteElo "1590"]
[BlackElo "1663"]
[PlyCount "114"]
[EventDate "2022.03.17"]
[EventType "swiss"]
[EventRounds "6"]
[EventCountry "BRA"]
[SourceTitle "EXT 2023"]
[Source "ChessBase"]
[SourceDate "2022.10.05"]
[SourceVersion "1"]
[SourceVersionDate "2022.10.05"]
[SourceQuality "1"]

1. d4 d6 2. c4 Nf6 3. Nc3 g6 4. Bf4 Bg7 5. Qd2 0-0 6. Nf3 c5 7. e3 Nc6 8. d5 Nb8 9. Be2 Na6 10. h3 Bf5 11. Nh4 Bd7 12. a3 Nc7 13. 0-0 a6 14. Rac1 Rb8 15. Nf3 b5 16. b3 bxc4 17. bxc4 Rb3 18. Bd1 Rxa3 19. Nb1 Ra1 20. Bc2 Na8 21. e4 Nh5 22. Bh6 Qa5 23. Bxg7 Kxg7 24. Qxa5 Rxa5 25. Nbd2 Rb8 26. e5 Kf8 27. Rfe1 Ba4 28. Ra1 Nb6 29. Bd3 Ng7 30. Reb1 Nf5 31. Bxf5 gxf5 32. exd6 exd6 33. Nh4 f4 34. Nf5 Bc2 35. Rxa5 Bxf5 36. Rba1 Bd3 37. Rxa6 Nxc4 38. Nxc4 Bxc4 39. Rxd6 Ke7 40. Rh6 Bxd5 41. Rxh7 f3 42. Rc1 fxg2 43. Rh5 Be6 44. Rhxc5 Bxh3 45. Rh5 Bg4 46. Rg5 Bf3 47. Rg3 Rh8 48. Rc7+ Kd6 49. Rxf3 Kxc7 50. Rxf7+ Kd6 51. Kxg2 Ke6 52. Rf3 Rg8+ 53. Kf1 Ke5 54. Ke2 Ra8 55. Re3+ Kf4 56. Rf3+ Kg4 57. Rg3+ Kf4 1/2-1/2

[Event "Fortaleza Schoonenborch 7th"]
[Site "Fortaleza"]
[Date "2020.02.08"]
[Round "4"]
[White "Sousa, Virginio Aleixo da"]
[Black "Silva, Caio Marques"]
[Result "1/2-1/2"]
[WhiteElo "1414"]
[BlackElo "1758"]
[PlyCount "100"]
[EventDate "2020.02.06"]
[EventType "swiss"]
[EventRounds "6"]
[EventCountry "BRA"]
[SourceTitle "CBM 195 Extra"]
[Source "ChessBase"]
[SourceDate "2020.05.31"]
[SourceVersion "1"]
[SourceVersionDate "2020.05.31"]
[SourceQuality "1"]

1. d4 Nf6 2. c4 g6 3. Nf3 Bg7 4. Nc3 0-0 5. e3 d6 6. Bd3 Nbd7 7. 0-0 c5 8. Qc2 a6 9. Bd2 Rb8 10. e4 cxd4 11. Nxd4 Nc5 12. Nf3 Nxd3 13. Qxd3 Bd7 14. Rab1 b5 15. b3 bxc4 16. bxc4 Re8 17. Be3 Qc7 18. Nd2 Rec8 19. Rxb8 Rxb8 20. Rb1 Be6 21. Rxb8+ Qxb8 22. Qb1 Qxb1+ 23. Ncxb1 Ng4 24. Bb6 Bb2 25. f3 Ne5 26. c5 Bd4+ 27. Kh1 Bxc5 28. Bxc5 dxc5 29. Nc3 Nd3 30. a3 Nb2 31. Kg1 Nc4 32. Nxc4 Bxc4 33. Kf2 Kg7 34. Na4 Kf8 35. Nxc5 Ke8 36. Ke3 e5 37. g3 Ke7 38. Nd3 Bxd3 39. Kxd3 Kd6 40. Kc4 Kc6 41. Kb4 f5 42. a4 Kb6 43. a5+ Kc6 44. Kc4 Kd6 45. h3 h6 46. h4 Kc6 47. Kb4 Kd6 48. Kc4 h5 49. Kb4 Kc6 50. Kc4 Kd6 1/2-1/2

[Event "Fortaleza Schoonenborch 7th"]
[Site "Fortaleza"]
[Date "2020.02.07"]
[Round "2"]
[White "Sousa, Virginio Aleixo da"]
[Black "Da Silva, Samuel Ramon"]
[Result "1-0"]
[WhiteElo "1414"]
[BlackElo "1457"]
[PlyCount "27"]
[EventDate "2020.02.06"]
[EventType "swiss"]
[EventRounds "6"]
[EventCountry "BRA"]
[SourceTitle "CBM 195 Extra"]
[Source "ChessBase"]
[SourceDate "2020.05.31"]
[SourceVersion "1"]
[SourceVersionDate "2020.05.31"]
[SourceQuality "1"]

1. d4 d5 2. c4 Bf5 3. Nf3 c5 4. e3 dxc4 5. Bxc4 e6 6. Nc3 Nf6 7. 0-0 Bd6 8. dxc5 Be7 9. Qxd8+ Bxd8 10. b4 b6 11. Bb5+ Ke7 12. Ba4 Bc7 13. Rd1 Nc6 14. Bxc6 1-0

[Event "Fortaleza Schoonenborch U1900 4th"]
[Site "Fortaleza"]
[Date "2017.02.11"]
[Round "3.16"]
[White "Sousa, Virginio Aleixo da"]
[Black "Santos, Inacio Eduardo Andr"]
[Result "0-1"]
[WhiteElo "1458"]
[BlackElo "1759"]
[PlyCount "88"]
[EventDate "2017.02.09"]
[EventType "swiss"]
[EventRounds "6"]
[EventCountry "BRA"]
[SourceTitle "EXT 2022"]
[Source "ChessBase"]
[SourceDate "2021.10.06"]
[SourceVersion "1"]
[SourceVersionDate "2021.10.06"]
[SourceQuality "1"]

1. d4 c6 2. c4 d6 3. Nc3 g6 4. Nf3 Bg7 5. e3 Nf6 6. Bd3 Nbd7 7. 0-0 e5 8. dxe5 dxe5 9. Rb1 0-0 10. b3 Re8 11. e4 Nc5 12. Bc2 Qc7 13. Qe1 Be6 14. Ba3 b6 15. Rd1 Rad8 16. Bb1 Bg4 17. Rxd8 Rxd8 18. Bxc5 Bxf3 19. Be3 Bg4 20. f3 Bc8 21. Qc1 h5 22. Rd1 Kh7 23. Rxd8 Qxd8 24. Qd1 Qe7 25. Bd3 Nd7 26. Na4 Bh6 27. Bxh6 Kxh6 28. Qd2+ g5 29. Nb2 Qc5+ 30. Kf1 Qd4 31. h4 f6 32. hxg5+ fxg5 33. Qf2 Qc3 34. Qc2 Qd4 35. Qf2 Nc5 36. b4 Ne6 37. g3 a6 38. Qd2 b5 39. c5 Kg6 40. Nd1 h4 41. g4 Nf4 42. Nf2 Be6 43. a3 Bc4 44. Bxc4 Qxd2 0-1

[Event "Fortaleza Schoonenborch U2000"]
[Site "Fortaleza"]
[Date "2016.02.14"]
[Round "5"]
[White "Sousa, Virginio Aleixo da"]
[Black "Brandao, Joao Marcus Da Cost"]
[Result "1-0"]
[WhiteElo "1432"]
[BlackElo "1439"]
[PlyCount "107"]
[EventDate "2016.02.11"]
[EventType "swiss"]
[EventRounds "6"]
[EventCountry "BRA"]
[SourceTitle "CBM 170 Extra"]
[Source "ChessBase"]
[SourceDate "2016.02.25"]
[SourceVersion "1"]
[SourceVersionDate "2016.02.25"]
[SourceQuality "1"]

1. d4 d5 2. c4 e6 3. Nc3 Nf6 4. e3 Be7 5. Bd3 dxc4 6. Bxc4 0-0 7. Nf3 c5 8. 0-0 Nc6 9. dxc5 Bxc5 10. a3 Qxd1 11. Rxd1 Rd8 12. Rxd8+ Nxd8 13. b4 Be7 14. Bb2 b6 15. e4 Bb7 16. e5 Bxf3 17. exf6 Bxf6 18. gxf3 Bxc3 19. Bxc3 Rc8 20. Rd1 Kf8 21. Be5 Nc6 22. Ba6 Rd8 23. Rxd8+ Nxd8 24. Bb8 Nc6 25. Bd6+ Ke8 26. Bb5 Kd7 27. Bf8 g6 28. a4 Kc7 29. Bxc6 Kxc6 30. b5+ Kd5 31. Kf1 Kc4 32. Bd6 Kb3 33. Bb8 Kxa4 34. Bxa7 Kxb5 35. Kg2 Kc6 36. Bb8 b5 37. Be5 b4 38. Kg3 Kd5 39. Bb2 f5 40. Kf4 h6 41. h4 Kd6 42. Bf6 b3 43. Ke3 g5 44. h5 e5 45. Kd3 Kd5 46. Bxg5 e4+ 47. fxe4+ fxe4+ 48. Kc3 hxg5 49. h6 g4 50. h7 g3 51. fxg3 e3 52. h8Q e2 53. Qd4+ Kc6 54. Qc4+ 1-0

[Event "Fortaleza Schoonenborch U2000"]
[Site "Fortaleza"]
[Date "2016.02.13"]
[Round "3"]
[White "Sousa, Virginio Aleixo da"]
[Black "De Lima, Nilo Fernandes"]
[Result "0-1"]
[WhiteElo "1432"]
[BlackElo "1713"]
[PlyCount "46"]
[EventDate "2016.02.11"]
[EventType "swiss"]
[EventRounds "6"]
[EventCountry "BRA"]
[SourceTitle "CBM 170 Extra"]
[Source "ChessBase"]
[SourceDate "2016.02.25"]
[SourceVersion "1"]
[SourceVersionDate "2016.02.25"]
[SourceQuality "1"]

1. d4 Nf6 2. c4 e6 3. Nc3 d5 4. e3 Be7 5. Nf3 0-0 6. Bd3 c6 7. 0-0 dxc4 8. Bxc4 b5 9. Bd3 Nbd7 10. Re1 Re8 11. e4 Nf8 12. e5 Nd5 13. Ne4 Ng6 14. Nc5 Bxc5 15. dxc5 f6 16. Bxg6 hxg6 17. a3 g5 18. exf6 gxf6 19. Nd2 Qc7 20. Ne4 Kg7 21. Nd6 Rh8 22. Qg4 e5 23. Nf5+ Kg6 0-1

[Event "Fortaleza Schoonenborch U2000"]
[Site "Fortaleza"]
[Date "2016.02.11"]
[Round "1"]
[White "Sousa, Virginio Aleixo da"]
[Black "Santos, Inacio Eduardo Andr"]
[Result "0-1"]
[WhiteElo "1432"]
[BlackElo "1778"]
[PlyCount "62"]
[EventDate "2016.02.11"]
[EventType "swiss"]
[EventRounds "6"]
[EventCountry "BRA"]
[SourceTitle "CBM 170 Extra"]
[Source "ChessBase"]
[SourceDate "2016.02.25"]
[SourceVersion "1"]
[SourceVersionDate "2016.02.25"]
[SourceQuality "1"]

1. d4 Nf6 2. c4 g6 3. Nc3 Bg7 4. Nf3 d5 5. e3 0-0 6. Bd3 Nc6 7. 0-0 Re8 8. cxd5 Nxd5 9. Nxd5 Qxd5 10. b3 Bg4 11. Bc4 Qh5 12. h3 Bxf3 13. Qxf3 Qxf3 14. gxf3 e6 15. Bb5 Rad8 16. Bxc6 bxc6 17. Ba3 e5 18. dxe5 Rxe5 19. Rad1 Red5 20. Rc1 Rd2 21. Rxc6 Rxa2 22. Bc5 Rd7 23. Rc1 h5 24. b4 Bb2 25. Rb1 Rd2 26. Rxc7 Be5 27. Rxa7 Rxf2 28. Rxa2 Rxa2 29. f4 Bf6 30. b5 Rc2 31. Ba7 Rc7 0-1

[Event "Fortaleza Cearense Cup"]
[Site "Fortaleza"]
[Date "2015.12.12"]
[Round "3"]
[White "Chaves, Alison Dias"]
[Black "Sousa, Virginio Aleixo da"]
[Result "0-1"]
[WhiteElo "1745"]
[BlackElo "1449"]
[PlyCount "61"]
[EventDate "2015.12.10"]
[EventType "swiss"]
[EventRounds "6"]
[EventCountry "BRA"]
[SourceTitle "EXT 2017"]
[Source "ChessBase"]
[SourceDate "2016.10.25"]
[SourceVersion "1"]
[SourceVersionDate "2016.10.25"]
[SourceQuality "1"]

1. e4 d6 2. d4 Nf6 3. Nc3 g6 4. Bd3 Bg7 5. Nf3 0-0 6. 0-0 Nfd7 7. Be3 e5 8. dxe5 Nxe5 9. Nxe5 Bxe5 10. f4 Bg7 11. f5 Re8 12. Qd2 Nc6 13. fxg6 fxg6 14. Bg5 Qd7 15. Bc4+ Kh8 16. Bh6 Ne5 17. Bxg7+ Qxg7 18. Nb5 Nxc4 19. Qd4 Qxd4+ 20. Nxd4 Bd7 21. Rf7 Ne5 22. Rff1 Kg8 23. Rf4 Rf8 24. Rxf8+ Rxf8 25. Rf1 Rxf1+ 26. Kxf1 Nc4 27. Kf2 Nxb2 28. Nf3 Nd1+ 29. Kg3 Nc3 30. e5 Nxa2 31. exd6 0-1

[Event "Fortaleza Cearense Cup"]
[Site "Fortaleza"]
[Date "2015.12.10"]
[Round "1"]
[White "Sousa, Virginio Aleixo da"]
[Black "Memoria Hyppolito, Filho Archi"]
[Result "0-1"]
[WhiteElo "1449"]
[BlackElo "1978"]
[PlyCount "100"]
[EventDate "2015.12.10"]
[EventType "swiss"]
[EventRounds "6"]
[EventCountry "BRA"]
[SourceTitle "EXT 2017"]
[Source "ChessBase"]
[SourceDate "2016.10.25"]
[SourceVersion "1"]
[SourceVersionDate "2016.10.25"]
[SourceQuality "1"]

1. d4 Nf6 2. c4 c5 3. d5 b5 4. Bg5 Ne4 5. Bf4 d6 6. Nf3 g6 7. Nbd2 Qa5 8. e3 Bg7 9. Qb3 Nxd2 10. Nxd2 bxc4 11. Bxc4 Nd7 12. Qb5 Qxb5 13. Bxb5 Rb8 14. a4 a6 15. Bc6 Rxb2 16. Rb1 Rxb1+ 17. Nxb1 0-0 18. 0-0 Ne5 19. Bxe5 Bxe5 20. a5 Bf5 21. Nd2 Bd3 22. Rd1 Rb8 23. Nf3 Bc3 24. Ba4 Rb1 25. Rxb1 Bxb1 26. Bd1 Bd3 27. g3 Bxa5 28. Kg2 Bc3 29. Ng1 Be4+ 30. f3 Bxd5 31. Ne2 Bd2 32. Kf2 a5 33. Ba4 e5 34. Ng1 Bc4 35. Ne2 d5 36. f4 e4 37. g4 h6 38. Ng3 Kg7 39. h4 Kf6 40. g5+ hxg5 41. hxg5+ Ke6 42. Be8 Bb3 43. Ke2 Bc1 44. Bc6 a4 45. Bb7 a3 46. Bc8+ Kd6 47. f5 a2 48. fxg6 fxg6 49. Nf5+ gxf5 50. g6 a1Q 0-1

[Event "Fortaleza Costa Memorial"]
[Site "Fortaleza"]
[Date "2015.11.26"]
[Round "1"]
[White "Lopes, Raimundo De Lima"]
[Black "Sousa, Virginio Aleixo da"]
[Result "1-0"]
[WhiteElo "1836"]
[BlackElo "1449"]
[PlyCount "61"]
[EventDate "2015.11.26"]
[EventType "swiss"]
[EventRounds "5"]
[EventCountry "BRA"]
[SourceTitle "CBM 169 Extra"]
[Source "ChessBase"]
[SourceDate "2015.12.18"]
[SourceVersion "1"]
[SourceVersionDate "2015.12.18"]
[SourceQuality "1"]

1. Nf3 d6 2. d4 g6 3. c4 Bg7 4. Nc3 Nf6 5. e4 0-0 6. Be2 c6 7. h3 Nbd7 8. Bg5 Re8 9. 0-0 Qc7 10. Rc1 a6 11. Qd2 b5 12. cxb5 axb5 13. Nxb5 Qb6 14. Nc3 Bb7 15. Be3 d5 16. exd5 cxd5 17. Ne5 Red8 18. Rfd1 e6 19. b3 Qa5 20. Nxd7 Nxd7 21. Na4 Bf8 22. Qxa5 Rxa5 23. Rc7 Ba6 24. Bxa6 Rxa6 25. Rdc1 Nb6 26. R1c6 Rxa4 27. bxa4 Nxa4 28. Rc8 Rxc8 29. Rxc8 Kg7 30. Ra8 Nb6 31. Bh6+ 1-0

[Event "Cearenses-ch"]
[Site "Fortaleza"]
[Date "2014.11.16"]
[Round "6"]
[White "Sousa, Virginio Aleixo da"]
[Black "Mateus, Janete de Alcantara"]
[Result "0-1"]
[WhiteElo "1466"]
[BlackElo "1881"]
[PlyCount "50"]
[EventDate "2014.11.13"]
[EventType "swiss"]
[EventRounds "6"]
[EventCountry "BRA"]
[SourceTitle "EXT 2022"]
[Source "ChessBase"]
[SourceDate "2021.10.06"]
[SourceVersion "1"]
[SourceVersionDate "2021.10.06"]
[SourceQuality "1"]

1. d4 d5 2. c4 Nf6 3. Nf3 e6 4. Nc3 Be7 5. e3 Nbd7 6. Bd3 c5 7. cxd5 exd5 8. dxc5 Nxc5 9. Bb5+ Bd7 10. Bxd7+ Qxd7 11. 0-0 0-0 12. Nd4 a6 13. b3 Rac8 14. Bb2 Bd6 15. Nf3 b5 16. Ne2 Nce4 17. Rc1 Bb8 18. Bd4 Qf5 19. Rxc8 Rxc8 20. Qb1 Qh5 21. Ng3 Bxg3 22. hxg3 Ng4 23. Rc1 Re8 24. Qb2 Ngxf2 25. Nh4 Nd3 0-1

[Event "American Continental 10th"]
[Site "Praia da Pipa"]
[Date "2014.10.19"]
[Round "2"]
[White "Sousa, Virginio Aleixo da"]
[Black "Ribeiro, Allysson"]
[Result "0-1"]
[WhiteElo "1499"]
[BlackElo "1926"]
[PlyCount "113"]
[EventDate "2014.10.18"]
[EventType "swiss"]
[EventRounds "11"]
[EventCountry "BRA"]
[SourceTitle "EXT 2015"]
[Source "ChessBase"]
[SourceDate "2014.11.20"]
[SourceVersion "1"]
[SourceVersionDate "2014.11.20"]
[SourceQuality "1"]

1. d4 d5 2. c4 c6 3. Nf3 Nf6 4. Nc3 e6 5. e3 Nbd7 6. cxd5 exd5 7. Bd3 Bd6 8. 0-0 0-0 9. e4 dxe4 10. Nxe4 Nxe4 11. Bxe4 Nf6 12. Bc2 Bg4 13. Bg5 Bh5 14. Bf5 Bg6 15. Qd3 Qb6 16. Bxf6 gxf6 17. Bxg6 fxg6 18. b3 Rad8 19. Rad1 Kg7 20. Qc4 Rf7 21. Rd3 Rfd7 22. Rfd1 Qa5 23. Qc2 Bc7 24. Kf1 Bb6 25. Qb2 Qf5 26. b4 g5 27. Qb3 g4 28. Nh4 Qg5 29. g3 Kf8 30. Qc4 Qd5 31. Qxd5 Rxd5 32. a4 Rxd4 33. Rxd4 Rxd4 34. Rxd4 Bxd4 35. Nf5 Bc3 36. b5 cxb5 37. axb5 a6 38. Nd6 axb5 39. Nxb5 Bb4 40. Ke2 b6 41. f3 h5 42. fxg4 hxg4 43. Kd3 Kg7 44. Ke4 Kg6 45. Nd4 Bc5 46. Ne2 Kg5 47. Nf4 Bd6 48. Ne6+ Kg6 49. Nf4+ Bxf4 50. Kxf4 b5 51. Ke4 b4 52. Kd3 Kf5 53. Kc4 Ke4 54. Kxb4 Kf3 55. Kc4 Kg2 56. Kd4 Kxh2 57. Ke4 0-1

[Event "Tiradentes op"]
[Site "Tiradentes"]
[Date "2014.04.18"]
[Round "2"]
[White "Sousa, Virginio Aleixo da"]
[Black "Aquino, Francisco Jose Alve"]
[Result "1-0"]
[WhiteElo "1486"]
[BlackElo "1715"]
[PlyCount "129"]
[EventDate "2014.04.18"]
[EventType "swiss"]
[EventRounds "7"]
[EventCountry "BRA"]
[SourceTitle "CBM 160 Extra"]
[Source "ChessBase"]
[SourceDate "2014.07.01"]
[SourceVersion "1"]
[SourceVersionDate "2014.07.01"]
[SourceQuality "1"]

1. d4 d5 2. c4 c6 3. Nf3 Nf6 4. e3 Nbd7 5. Nc3 e6 6. cxd5 cxd5 7. Bd3 Be7 8. 0-0 0-0 9. Qc2 h6 10. e4 dxe4 11. Nxe4 Nxe4 12. Bxe4 Nf6 13. Bd3 Bd7 14. Ne5 Rc8 15. Qe2 Bc6 16. Nxc6 Rxc6 17. Be4 Nxe4 18. Qxe4 Bf6 19. Rd1 Re8 20. Be3 a6 21. g3 Qc8 22. Rac1 Rxc1 23. Rxc1 Qd7 24. b3 Rd8 25. Rd1 Qb5 26. Qg4 Kh7 27. Qe4+ Kh8 28. Qd3 Qa5 29. Qd2 Qd5 30. Qb4 e5 31. Rd3 exd4 32. Bf4 g5 33. Bc7 Rc8 34. Qd6 Qxd6 35. Bxd6 Rc1+ 36. Kg2 Rc2 37. a3 Rc3 38. Rf3 Kg7 39. Bb4 Rc7 40. Rf5 Rd7 41. g4 d3 42. Bd2 Kg6 43. Kf3 h5 44. h3 hxg4+ 45. hxg4 Bd8 46. Ke4 Bb6 47. Rxg5+ Kf6 48. Rf5+ Kg6 49. f3 Rd4+ 50. Ke5 Ba7 51. Rg5+ Kh7 52. Kf6 Rd7 53. Rg7+ Kh8 54. Rxf7 Bd4+ 55. Ke6 Rxf7 56. Kxf7 b6 57. a4 Kh7 58. g5 a5 59. g6+ Kh8 60. f4 b5 61. axb5 a4 62. bxa4 Be5 63. f5 Bg7 64. f6 Bh6 65. g7+ 1-0

[Event "BRA-ch Amateur"]
[Site "Sao Paulo"]
[Date "2014.03.01"]
[Round "2"]
[White "Ferreira, Jonas de Vargas"]
[Black "Sousa, Virginio Aleixo da"]
[Result "1-0"]
[WhiteElo "1805"]
[BlackElo "1492"]
[PlyCount "79"]
[EventDate "2014.03.01"]
[EventType "swiss"]
[EventRounds "7"]
[EventCountry "BRA"]
[SourceTitle "EXT 2016"]
[Source "ChessBase"]
[SourceDate "2015.10.08"]
[SourceVersion "1"]
[SourceVersionDate "2015.10.08"]
[SourceQuality "1"]

1. e4 d6 2. d4 Nf6 3. Nc3 g6 4. Be3 Bg7 5. Qd2 0-0 6. Bh6 c6 7. Bxg7 Kxg7 8. h4 e5 9. 0-0-0 Qc7 10. Be2 b5 11. h5 a6 12. hxg6 fxg6 13. Qh6+ Kg8 14. dxe5 dxe5 15. Nh3 Ra7 16. Qe3 Bxh3 17. Rxh3 Rf7 18. g4 Rd7 19. Rdh1 Ne8 20. Qg5 Rf7 21. Nd1 Qe7 22. Qe3 Rb7 23. Nc3 Nd7 24. Rh6 Nf8 25. Bd3 Rf4 26. f3 Nc7 27. Ne2 Nce6 28. Nxf4 Nxf4 29. R6h2 Qg5 30. Kb1 N4e6 31. Rd1 Qe7 32. Rhd2 Nc5 33. Bf1 Rd7 34. Rxd7 Ncxd7 35. Qa7 Ne6 36. Qxd7 Qxd7 37. Rxd7 Nd4 38. Bg2 Ne6 39. Ra7 Nc5 40. Rc7 1-0